|
|
|
|
| LEADER |
01182nam a22003252a 4500 |
| 001 |
000320576 |
| 003 |
CZ BrMZK |
| 005 |
20090402061225.0 |
| 007 |
ta |
| 008 |
980107s1987 xr a f cze d |
| 015 |
|
|
|a cnb000031420
|
| 035 |
|
|
|a (OCoLC)39428337
|
| 040 |
|
|
|a BOA001
|b cze
|
| 080 |
9 |
|
|a 885.0-93-34
|
| 080 |
9 |
|
|a 398.21(6)
|
| 100 |
1 |
|
|a Pařízek, L. M.
|q (Ladislav Mikeš),
|d 1907-1988
|7 jk01091804
|4 aut
|
| 245 |
1 |
0 |
|a Prales kouzelných snů /
|c Ladislav Mikeš Pařízek
|
| 250 |
|
|
|a 1. soubor. vyd.
|
| 260 |
|
|
|a Praha :
|b Albatros,
|c 1987
|
| 300 |
|
|
|a 134 s
|
| 490 |
1 |
|
|a Z pohádky do pohádky
|
| 500 |
|
|
|a Frontispis
|
| 521 |
8 |
|
|a Pro čtenáře od 8 let
|
| 830 |
|
0 |
|a Z pohádky do pohádky (Albatros)
|0 s
|
| 856 |
4 |
1 |
|u http://www.digitalniknihovna.cz/mzk/uuid/uuid:51b66950-3fac-11e2-b246-005056827e52
|y Digitalizovaný dokument
|x NDK
|
| 910 |
|
|
|a BOA001
|b PK-0104.386
|b 2-0919.559
|
| 964 |
|
|
|a Pralesy africké - povídky pro děti
|
| 990 |
|
|
|a BK
|
| 996 |
7 |
|
|b 2619331258
|c 2-0919.559
|l MZK
|r Sklad / do 1 hodiny
|n 2
|w 000320576
|u 000020
|a 1
|e BOA001
|j MZK50
|s A
|
| 996 |
7 |
|
|b 3119926467
|c PK-0104.386
|l MZK
|r Sklad / do 1 hodiny
|n 10
|w 000320576
|u 000010
|a 1
|e BOA001
|j MZK50
|s A
|